000
00496nam a2200145Ia 4500
008
151213s9999 xx 000 0 und d
100
_a
রাবেয়া মঈন।
245
_a
বৃক্ষবন্ধনা।
_c
রাবেয়া মঈন।
260
_a
ঢাকা
_b
মাহফুজুর রহমান মহিন।
_c
1989
300
_a
8755 p.
650
_a
Bangla
650
_a
উপন্যাস
700
_a
রাবেয়া মঈন।
999
_c
4540
_d
4540